[Event "COL-ch Seniors"]
[Site "Cartagena"]
[Date "2016.10.29"]
[Round "7"]
[White "Zapata, Olga Maria"]
[Black "Turizo Correa, Edgar"]
[Result "0-1"]
[WhiteElo "1750"]
[BlackElo "1952"]
[PlyCount "52"]
[EventDate "2016.10.26"]
[EventType "swiss"]
[EventRounds "7"]
[EventCountry "COL"]
[SourceTitle "EXT 2018"]
[Source "ChessBase"]
[SourceDate "2017.10.13"]
[SourceVersion "1"]
[SourceVersionDate "2017.10.13"]
[SourceQuality "1"]

1. d4 Nf6 2. Nf3 g6 3. Bf4 Bg7 4. e3 0-0 5. Bd3 c5 6. c3 cxd4 7. exd4 d6 8. h3 Nc6 9. 0-0 Bd7 10. Re1 Rc8 11. Nbd2 a5 12. Qe2 Re8 13. d5 Nxd5 14. Bg3 Nf6 15. Rad1 a4 16. a3 Nh5 17. Bh2 Na5 18. Bb5 Bc6 19. Ne4 Qb6 20. Bxc6 bxc6 21. Neg5 Qb3 22. Nd4 Qc4 23. Qf3 Nf6 24. Re2 h6 25. Nxc6 Nxc6 26. Rxe7 d5 0-1

[Event "COL-ch Seniors"]
[Site "Cartagena"]
[Date "2016.10.27"]
[Round "4"]
[White "Morales, Luis Eduardo"]
[Black "Turizo Correa, Edgar"]
[Result "0-1"]
[WhiteElo "1881"]
[BlackElo "1952"]
[PlyCount "75"]
[EventDate "2016.10.26"]
[EventType "swiss"]
[EventRounds "7"]
[EventCountry "COL"]
[SourceTitle "EXT 2018"]
[Source "ChessBase"]
[SourceDate "2017.10.13"]
[SourceVersion "1"]
[SourceVersionDate "2017.10.13"]
[SourceQuality "1"]

1. e4 c5 2. c3 Nf6 3. e5 Nd5 4. Nf3 e6 5. Bc4 Nb6 6. Bb3 Nc6 7. 0-0 d5 8. d4 Be7 9. Be3 Nd7 10. Nbd2 0-0 11. Re1 b5 12. Nf1 f5 13. Bc2 f4 14. Bd2 Qe8 15. a3 g5 16. h3 Qf7 17. N1h2 h5 18. Qb1 Kg7 19. b4 cxd4 20. cxd4 Nb6 21. Bd3 a6 22. Qd1 Bd7 23. Rc1 Rh8 24. Bc3 Rag8 25. Kf1 Kf8 26. Ng1 g4 27. hxg4 hxg4 28. Nxg4 Nc4 29. Ra1 Rh1 30. Qf3 Nxd4 31. Qd1 Nf5 32. Bxf5 Qxf5 33. Nf6 Bxf6 34. exf6 f3 35. Qd4 Rxg1+ 36. Kxg1 Rxg2+ 37. Kf1 Rg1+ 38. Kxg1 0-1

[Event "Cartagena Bolivar"]
[Site "Cartagena"]
[Date "2014.03.11"]
[Round "7"]
[White "Turizo Correa, Edgar"]
[Black "Medina Merino, Hernan"]
[Result "1/2-1/2"]
[WhiteElo "2034"]
[BlackElo "1910"]
[PlyCount "42"]
[EventDate "2014.03.03"]
[EventType "tourn"]
[EventRounds "9"]
[EventCountry "COL"]
[SourceTitle "CBM 159 Extra"]
[Source "ChessBase"]
[SourceDate "2014.04.24"]
[SourceVersion "1"]
[SourceVersionDate "2014.04.24"]
[SourceQuality "1"]

1. d4 d5 2. Nf3 Nf6 3. g3 e6 4. Bg2 b6 5. c4 c6 6. 0-0 Be7 7. Ne5 0-0 8. Nc3 Nfd7 9. Nf3 Bd6 10. cxd5 exd5 11. Bf4 Bb4 12. Re1 Re8 13. Qc2 Nf6 14. Ne5 Bb7 15. Bg5 Be7 16. Rad1 Nbd7 17. Nxd7 Qxd7 18. Qa4 Ne4 19. Nxe4 dxe4 20. Qb3 Qe6 21. Rc1 a5 1/2-1/2

[Event "Cartagena Bolivar"]
[Site "Cartagena"]
[Date "2014.03.03"]
[Round "1"]
[White "Dominguez, Ramiro"]
[Black "Turizo Correa, Edgar"]
[Result "1-0"]
[WhiteElo "2229"]
[BlackElo "2034"]
[PlyCount "83"]
[EventDate "2014.03.03"]
[EventType "tourn"]
[EventRounds "9"]
[EventCountry "COL"]
[SourceTitle "CBM 159 Extra"]
[Source "ChessBase"]
[SourceDate "2014.04.24"]
[SourceVersion "1"]
[SourceVersionDate "2014.04.24"]
[SourceQuality "1"]

1. e4 c5 2. Ne2 d6 3. g3 g6 4. Bg2 Bg7 5. c3 e5 6. d4 Nc6 7. d5 Nce7 8. 0-0 Nf6 9. f4 0-0 10. fxe5 dxe5 11. Bg5 Ne8 12. Na3 Nd6 13. Qd2 f6 14. Be3 b6 15. c4 a5 16. Nc3 Ba6 17. b3 Kh8 18. Rf2 a4 19. Raf1 axb3 20. axb3 Nec8 21. Bh3 Na7 22. Qd3 Qc7 23. Ra1 Bc8 24. Bxc8 Raxc8 25. Rfa2 Rcd8 26. Nc2 Nac8 27. Na3 Na7 28. Rf1 h5 29. Rg2 Qd7 30. Na4 Nac8 31. Nb1 Qg4 32. Nd2 f5 33. Nc3 Ne7 34. exf5 gxf5 35. Nd1 e4 36. Qc2 Qg6 37. Bf4 Bd4+ 38. Kh1 Qg7 39. Ne3 Be5 40. Qd1 Bxf4 41. gxf4 Qh7 42. Qa1+ 1-0

[Event "COL-ch sf"]
[Site "Medellin"]
[Date "2014.??.??"]
[Round "11"]
[White "Cardona, Jeyson"]
[Black "Turizo Correa, Edgar"]
[Result "0-1"]
[WhiteElo "1964"]
[BlackElo "2034"]
[PlyCount "64"]
[EventDate "2014.04.15"]
[EventType "swiss"]
[EventRounds "11"]
[EventCountry "COL"]
[SourceTitle "CBM 160 Extra"]
[Source "ChessBase"]
[SourceDate "2014.07.01"]
[SourceVersion "1"]
[SourceVersionDate "2014.07.01"]
[SourceQuality "1"]

1. d4 Nf6 2. Nf3 g6 3. g3 b6 4. Bg2 Bb7 5. 0-0 Bg7 6. b3 0-0 7. Bb2 d5 8. Ne5 Nbd7 9. c4 e6 10. Nc3 Nxe5 11. dxe5 Ng4 12. cxd5 exd5 13. Nxd5 Nxe5 14. Ba3 c5 15. Nf6+ Qxf6 16. Bxb7 Rad8 17. Qc1 Rd7 18. Bg2 Rfd8 19. Bb2 Rd2 20. Bc3 Nf3+ 21. Bxf3 Qxc3 22. Qxc3 Bxc3 23. Rac1 Bb2 24. Rb1 Ba3 25. Ra1 b5 26. Bc6 a6 27. Bb7 R8d6 28. e4 c4 29. bxc4 bxc4 30. e5 R6d4 31. f3 c3 32. Be4 c2 0-1

[Event "Bolivar Province-ch qual"]
[Site "Cartagena"]
[Date "2013.05.20"]
[Round "3"]
[White "Turizo Correa, Edgar"]
[Black "Villamil, Nahum Jose"]
[Result "1-0"]
[WhiteElo "2034"]
[BlackElo "1861"]
[PlyCount "37"]
[EventDate "2013.05.16"]
[EventType "swiss"]
[EventRounds "7"]
[EventCountry "COL"]
[SourceTitle "EXT 2014"]
[Source "ChessBase"]
[SourceDate "2013.11.20"]
[SourceVersion "1"]
[SourceVersionDate "2013.11.20"]
[SourceQuality "1"]

1. c4 e5 2. Nc3 Nf6 3. g3 d5 4. cxd5 Nxd5 5. Bg2 Nb6 6. Nf3 Nc6 7. d3 f6 8. 0-0 Be6 9. Be3 Nd5 10. Nxd5 Bxd5 11. Qa4 Qd7 12. Rac1 Bd6 13. a3 h5 14. Qb5 Qf7 15. Nxe5 Qe6 16. Bxd5 Qxe5 17. Qxb7 Nd8 18. Qxa8 h4 19. Bf4 1-0

[Event "La Candelaria Cup"]
[Site "Complejo de Raquetas"]
[Date "2013.02.02"]
[Round "5"]
[White "Rivera, Ingris"]
[Black "Turizo Correa, Edgar"]
[Result "1/2-1/2"]
[WhiteElo "2165"]
[BlackElo "2034"]
[PlyCount "69"]
[EventDate "2013.01.30"]
[EventType "swiss"]
[EventRounds "7"]
[EventCountry "COL"]
[SourceTitle "CBM 152 Extra"]
[Source "ChessBase"]
[SourceDate "2013.02.25"]
[SourceVersion "1"]
[SourceVersionDate "2013.02.25"]
[SourceQuality "1"]

1. d4 Nf6 2. Bg5 e6 3. Nf3 b6 4. e3 Bb7 5. c4 Be7 6. Nc3 Ne4 7. Bf4 0-0 8. Bd3 f5 9. h4 Bb4 10. Qb3 Bxc3+ 11. bxc3 Nc6 12. Ng5 Na5 13. Qc2 Nxg5 14. Bxg5 Qe8 15. f3 h6 16. Bf4 d6 17. Bg3 Ba6 18. c5 Bxd3 19. Qxd3 bxc5 20. dxc5 d5 21. Bxc7 Nc4 22. Kf2 Qc6 23. Bd6 Rfc8 24. Rhc1 Nxd6 25. cxd6 Qxd6 26. c4 Qd8 27. cxd5 Qxh4+ 28. Kg1 Rxc1+ 29. Rxc1 Rd8 30. d6 Qb4 31. d7 Kf7 32. e4 f4 33. a3 Qb7 34. Rd1 Qc7 35. Kh2 1/2-1/2

[Event "Cartagena op"]
[Site "Cartagena"]
[Date "2012.01.14"]
[Round "5"]
[White "Turizo Correa, Edgar"]
[Black "Raad, Bernardo"]
[Result "1-0"]
[WhiteElo "1738"]
[BlackElo "1600"]
[PlyCount "31"]
[EventDate "2012.01.10"]
[EventType "swiss"]
[EventRounds "7"]
[EventCountry "COL"]
[SourceTitle "EXT 2013"]
[Source "ChessBase"]
[SourceDate "2012.11.22"]
[SourceVersion "1"]
[SourceVersionDate "2012.11.22"]
[SourceQuality "1"]

1. c4 Nf6 2. Nc3 g6 3. e4 d6 4. g3 Bg7 5. Bg2 0-0 6. Nge2 e5 7. 0-0 Be6 8. d3 c5 9. Rb1 Nc6 10. h3 a6 11. a3 Qd7 12. Kh2 Rfb8 13. f4 b5 14. f5 gxf5 15. exf5 Bxf5 16. Bxc6 1-0

[Event "Cartagena op"]
[Site "Cartagena"]
[Date "2012.01.13"]
[Round "4"]
[White "Pabon Sarmiento, Juan Pablo"]
[Black "Turizo Correa, Edgar"]
[Result "0-1"]
[WhiteElo "1978"]
[BlackElo "1738"]
[PlyCount "49"]
[EventDate "2012.01.10"]
[EventType "swiss"]
[EventRounds "7"]
[EventCountry "COL"]
[SourceTitle "EXT 2013"]
[Source "ChessBase"]
[SourceDate "2012.11.22"]
[SourceVersion "1"]
[SourceVersionDate "2012.11.22"]
[SourceQuality "1"]

1. e4 c5 2. Nf3 Nc6 3. d4 cxd4 4. Nxd4 Nf6 5. Nc3 d6 6. Bg5 Nxd4 7. Qxd4 Bd7 8. 0-0-0 Qa5 9. f4 h6 10. Bh4 g5 11. Bg3 gxf4 12. Bh4 e5 13. Qd2 Ng8 14. Nd5 Qxd2+ 15. Rxd2 Rc8 16. Be2 h5 17. Rhd1 Bc6 18. b4 Rh7 19. a3 Rh6 20. Kb2 Bd7 21. Bg5 Rh7 22. Bh4 Bc6 23. Kb1 Rh6 24. Bg5 Rh8 25. Bh4 0-1